| 000 | 00469nam a22001697a 4500 | ||
|---|---|---|---|
| 003 | BD-DhUL | ||
| 005 | 20210912101715.0 | ||
| 008 | 190101s1958 pk ||||| |||| 00| 0 urd d | ||
| 040 |
_aBD-DhUL _cBD-DhUL |
||
| 082 |
_a891.431 _bSHT |
||
| 100 | 0 | _aشہرت بخاری | |
| 245 | 1 | 0 |
_aطاقابرو / _cشہرت بخاری _b |
| 260 |
_aلاھور : _bکلاسبک، _c۔۱۹۵۸ |
||
| 300 |
_aص۔ ۲۴۴ ؛ _c۱۸ سم۔ |
||
| 650 | 4 | _aUrdu poetry | |
| 942 |
_2ddc _cBK |
||
| 999 |
_c245519 _d245519 |
||